000 00653nas a2200229 4500
001 BR8803150
003 BR-BrBNA
005 20231205091144.0
007 ta
008 230509b bl.|||p| |||| 00| 00por d
040 _aBR-BrBNA
_bpor
_cBiblioteca Nacional de Agricultura
041 _a(Pt)
072 _aQ02
100 1 _aMaranhao, L.E.C.
245 1 _aDrenagem do caldo nas moedas de cinco rolos
650 _aCANA DE ACUCAR
650 _aMOENDA
650 _aINDUSTRIA ALIMENTICIA
773 0 _tSTAB (Brazil)
_xISSN 0102-1214
_g(Mar-Apr 1983), v. 1(4) p. 32-37
_wBR8803150
909 _a202311
_bLúcia
_c55
_dLúcia Elande
942 _2AGRIS
_n0
_cANA
999 _c123193
_d123193